Specialità mediche - Statistics

Statistiche generali
  • Questo quiz è stato fatto 2.823 volte
  • Il punteggio medio è 12 su 20
Statistiche sulle risposte
Argomento Specialtà % Corretto
Bambini {Pedi}atria
98%
Cuore {Cardio}logia
92%
Pelle {Derma}tologia
89%
Disordini mentali {Psichi}atria
85%
Sistema riproduttivo femminile {Gineco}logia
84%
Gravidanza / Nascita {Oste}tricia
80%
Cancro {Onco}logia
72%
Piedi {Podo}logia
69%
Sistema nervoso {Neuro}logia
66%
Muscoli e ossa {Orto}pedia
64%
Anziani {Geri}atria
63%
Polmoni {Pneumo}logia
62%
Sangue {Emato}logia
57%
Sistema riproduttivo maschile {Andro}logia
50%
Naso, orecchie {Otorinolaringo}iatria
44%
Stomaco, intestino {Gastroentero}logia
35%
Reni {Nefro}logia
34%
Ormoni {Endocrino}logia
31%
Occhi {Oftalmo}logia
31%
Articolazioni {Reuma}tologia
27%
Nessun quiz corrispondente trovato
Distribuzione punteggi
Percentuale di utenti per punteggio
Percentile per numero di risposta
I tuoi punteggi nel tempo
Non hai fatto questo quiz